• 首页
  • 本馆介绍
  • 公告通知
  • 最新文献
  • 馆藏检索
  • 电子资源
  • 读者导购
  • 参考咨询
  • 我的图书馆
  • 登录
  • 详细信息显示
  • 放入我的书架
  • 预约/预借图书
  • 作者相关作品
  • 分类相关作品
  • 丛书相关作品
  • 出版社相关作品

书目信息

  • 表格格式
  • 工作单格式
  • 卡片格式
题名:
阴阳八卦掌 蛇形掌
    
 
作者: 田克延 著
分册:  
出版信息: 北京   人民体育出版社  2015
页数: 358页
开本: 21cm
丛书名:
单 册:
中图分类: G852.161.9
科图分类:
主题词: 八卦掌--ba gua zhang--套路(武术)
电子资源:
ISBN: 978-7-5009-4712-7
000 00798nam0 22002291 450
001 0122100708
005 20170322100708.0
010    @a978-7-5009-4712-7@dCNY29.00
100    @a20150518d2015 em y0chiy50 ea
101 0  @achi
102    @aCN@b110000
105    @aa z 000yy
106    @ar
200 1  @a阴阳八卦掌 蛇形掌@9yin yang ba gua zhang she xing zhang@f田克延著
210    @a北京@c人民体育出版社@d2015
215    @a358页@c图@d21cm
330    @a本书由蛇形掌简介、蛇形掌势、动作与解说三部分组成,具体内容包括:第一势掌——蛇翻摇臂穿扎掌、第二势掌——蛇穿翻臂转身掌、第三势掌——蛇钻滚臂悠身掌等。
606 0  @a八卦掌@9ba gua zhang@x套路(武术)
690    @aG852.161.9@v5
701  0 @a田克延@9tian ke yan@4著
801  0 @aCN@bTANGWEI@c20170308
905    @b0958954-7@dG852.161.9@e284@f4
    
    阴阳八卦掌 蛇形掌/田克延著.-北京:人民体育出版社,2015
    358页:图;21cm
    
    
    ISBN 978-7-5009-4712-7:CNY29.00
    本书由蛇形掌简介、蛇形掌势、动作与解说三部分组成,具体内容包括:第一势掌——蛇翻摇臂穿扎掌、第二势掌——蛇穿翻臂转身掌、第三势掌——蛇钻滚臂悠身掌等。
●
相关链接 在E读中查询图书 在五车中查询图书 在当当中查询图书 在豆瓣中查询图书


正题名:阴阳八卦掌 蛇形掌     索取号:G852.161.9/284         预约/预借

序号 登录号 条形码 馆藏地/架位号 状态 备注
1 0958954   209589541   第一样本阅览室/ [索取号:G852.161.9/284] 在馆    
2 0958955   209589550   第四借阅区/ [索取号:G852.161.9/284] 在馆    
3 0958956   209589569   第四借阅区/ [索取号:G852.161.9/284] 在馆    
4 0958957   209589578   第四借阅区/ [索取号:G852.161.9/284] 在馆    
唐山师范学院图书馆 欢迎您!
大连网信软件有限公司© 版权所有